Logo BPK

Biblioteka

Politechniki Koszalińskiej

Know how : (Rekord nr 34633)

Szczegóły MARC
000 -ETYKIETA REKORDU
podpole kontrolne o stałej długości 00912nam a2200301 i 4500
001 - NUMER KONTROLNY REKORDU
pole kontrolne bg
020 ## - MIĘDZYNARODOWY ZNORMALIZOWANY NUMER KSIĄŻKI - ISBN
ISBN 8385416412
040 ## - ŹRÓDŁO KATALOGOWANIA
Instytucja, która utworzyła rekord BPK
041 1# - KOD JĘZYKA
Kod języka tekstu pl
Kod języka oryginału en
080 ## - UNIWERSALNA KLASYFIKACJA DZIESIĘTNA - UKD
UKD 159.9:37.041:613
920 ## - Międzynarodowy znormalizowany numer książki – ISBN
ISBN 83-85416-41-2
008 - POLE O STAŁEJ DŁUGOŚCI - DANE KONTROLNE
podpole kontrolne o stałej długości s pl f |000 0 pol
100 1# - NAZWA OSOBOWA
Nazwa osobowa CAMERON-BANDLER, Leslie
245 10 - TYTUŁ/ODPOWIEDZIALNOŚĆ
Tytuł Know how :
Ciąg dalszy tytułu jak rozwiązać codzienne i niecodzienne problemy /
Pozostałe elementy strefy tytułu i oznaczenia odpowiedzialności Leslie Cameron-Bandler, Dawid Gordon, Michael Lebeau ; przeł. [z ang.] Danuta Golec.
246 ## - WARIANT TYTUŁU
Treść wyrażenia wprowadzającego Tyt. oryg.:
Tytuł Know how
250 ## - STREFA WYDANIA
Oznaczenie wydania [Wyd.3].
260 ## - STREFA ADRESU WYDAWNICZEGO
Miejsce wydania Gdańsk :
Nazwa wydawcy/dystrybutora Gdańskie Wydaw. Psychologiczne,
Data publikacji, dystrybucji/powstania dokumentu 1995.
300 ## - STREFA OPISU FIZYCZNEGO
Objętość 238, [2] s. ;
Rozmiary 21 cm.
500 ## - UWAGI OGÓLNE
Tekst uwagi Oryg. : "Know how" 1985.
650 #9 - HASŁO PRZEDMIOTOWE W FORMIE NAZWY OGÓLNEJ LUB JEDNOSTKOWEJ
Nazwa ogólna lub geograficzna Decyzje
Określnik ogólny psychologia
650 #9 - HASŁO PRZEDMIOTOWE W FORMIE NAZWY OGÓLNEJ LUB JEDNOSTKOWEJ
Nazwa ogólna lub geograficzna Higiena
650 #9 - HASŁO PRZEDMIOTOWE W FORMIE NAZWY OGÓLNEJ LUB JEDNOSTKOWEJ
Nazwa ogólna lub geograficzna Samopoznanie
650 #9 - HASŁO PRZEDMIOTOWE W FORMIE NAZWY OGÓLNEJ LUB JEDNOSTKOWEJ
Nazwa ogólna lub geograficzna Samowychowanie
655 ## - TERMIN INDEKSOWY - OKREŚLENIE RODZAJU/FORMY DOKUMENTU
Określenie rodzaju/formy dokumentu Wydawnictwa popularne
700 1# - HASŁO DODATKOWE - NAZWA OSOBOWA
Nazwa osobowa GORDON, Dawid
700 1# - HASŁO DODATKOWE - NAZWA OSOBOWA
Nazwa osobowa LEBEAU, Michael
856 ## - LOKALIZACJA I DOSTĘP DO ELEKTRONICZNYCH DOKUMENTÓW ZDALNYCH
Link (URL) http://koha.tu.koszalin.pl/cgi-bin/koha/opac-detail.pl?biblionumber=34633
Tekst linku Katalog online BPK
942 ## - DODATKOWE ELEMENTY (KOHA)
Typ dokumentu Książka
Egzemplarze
Wycofany Status egzemplarza Uszkodzony Dostępność Lokalizacja stała Lokalizacja bieżąca Miejsce przechowywania Sygnatura Kod kreskowy Dział Typ dokumentu
      Tylko na miejscu Biblioteka Politechniki Koszalińskiej Biblioteka Politechniki Koszalińskiej Czytelnia Wydziałowa ul. Kwiatkowskiego 6e 48004 01402889 159.9 Psychologia Książka
      Dostępny Biblioteka Politechniki Koszalińskiej Biblioteka Politechniki Koszalińskiej Wypożyczalnia BG 48005 01402872   Książka
      Dostępny Biblioteka Politechniki Koszalińskiej Biblioteka Politechniki Koszalińskiej Wypożyczalnia BG 48006 01402865   Książka
© 2023 Biblioteka Politechniki Koszalińskiej :: KOHA